Statistics for TOP 10 Countries in: Oil Exporting

Click here to take the quiz!

General Stats

  • This quiz has been taken 412 times
  • The average score is 7 of 10

Answer Stats

Exports bb/dayRankCountry% Correct
6,891,5381Saudi Arabia
98%
2,447,7493Iran
91%
4,725,3152Russia
91%
2,393,2514Iraq
89%
2,147,8076United Arab Emirates
84%
1,583,35910Canada
72%
1,648,5868Venezuela
69%
1,625,8799Norway
56%
2,345,6835Nigeria
45%
1,936,3647Angola
24%

Score Distribution

Percentile by Number Answered

Percent of People with Each Score

Your Score History

You have not taken this quiz